Statistics for Fantastic Four Franchise

Click here to take the quiz!

General Stats

  • This quiz has been taken 21 times
  • The average score is 10 of 12

Answer Stats

TypeYearNameInfo% Correct
TV Show1967-1968Fantastic FourABC
100%
TV Show1994-1996Fantastic FourSyndication
100%
Video Game1997Fantastic FourAcclaim Entertainment
100%
Film2005Fantastic Four20th Century Fox
100%
Video Game2005Fantastic FourActivision
100%
Film2015Fantastic Four20th Century Fox
100%
Film1994The Fantastic FourNew Horizons
100%
TV Show1978The New Fantastic FourNBC
100%
Film2007Fantastic Four: Rise of the Silver Surfer20th Century Fox
86%
Video Game2007Fantastic Four: Rise of the Silver Surfer2K Games / Take-Two Interactive
86%
TV Show2006-2010Fantastic Four: World's Greatest HeroesM6 / Cartoon Network
29%
Video Game1985Questprobe featuring Human Torch and ThingAdventure International
14%

Score Distribution

Percentile by Number Answered

Percent of People with Each Score

Your Score History

You have not taken this quiz